LEADER 01498oam 2200409Ia 450 001 9910699666103321 005 20230902161802.0 035 $a(CKB)5470000002404274 035 $a(OCoLC)707494226 035 $a(EXLCZ)995470000002404274 100 $a20110316d2000 ua 0 101 0 $aeng 135 $aurmn||||||||| 181 $ctxt$2rdacontent 182 $cc$2rdamedia 183 $acr$2rdacarrier 200 03$aAn adaptation of Walker-Anderson model elements into the Frank-Zook penetration model for use in MUVES$b[electronic resource] /$fSteven B. Segletes 210 1$aAberdeen Proving Ground, MD :$cArmy Research Laboratory,$d[2000] 215 $a1 online resource (vi, 48 pages) $cillustrations 225 1 $aARL-TR ;$v2336 300 $aTitle from title screen (viewed on Mar. 16, 2011). 300 $a"September 2000." 320 $aIncludes bibliographical references. 410 0$aARL-TR (Aberdeen Proving Ground, Md.) ;$v2336. 606 $aVirtual reality$xModels 606 $aTarget acquisition$xComputer simulation 615 0$aVirtual reality$xModels. 615 0$aTarget acquisition$xComputer simulation. 701 $aSegletes$b Steven B$01392520 712 02$aU.S. Army Research Laboratory. 801 0$bGPO 801 1$bGPO 801 2$bGPO 906 $aBOOK 912 $a9910699666103321 996 $aAn adaptation of Walker-Anderson model elements into the Frank-Zook penetration model for use in MUVES$93447341 997 $aUNINA LEADER 04130nam 22005895 450 001 9910392748603321 005 20251202165328.0 010 $a981-15-3599-X 024 7 $a10.1007/978-981-15-3599-4 035 $a(CKB)4100000011205187 035 $a(MiAaPQ)EBC6181546 035 $a(DE-He213)978-981-15-3599-4 035 $a(PPN)259453633 035 $a(MiAaPQ)EBC6181502 035 $a(EXLCZ)994100000011205187 100 $a20200422d2020 u| 0 101 0 $aeng 135 $aurcn#|||||||| 181 $ctxt$2rdacontent 182 $cc$2rdamedia 183 $acr$2rdacarrier 200 10$aConstitutional Reform as a Remedy for Political Disenchantment in Australia $eThe Discussion We Need /$fby Bede Harris 205 $a1st ed. 2020. 210 1$aSingapore :$cSpringer Nature Singapore :$cImprint: Springer,$d2020. 215 $a1 online resource (267 pages) 311 08$aPrint version: 9789811535987 9811535981 320 $aIncludes bibliographical references and index. 327 $aChapter 1 ? Politics and public disillusionment -- Chapter 2 ? A question of values -- Chapter 3 ? Our current Constitution -- Chapter 4 ? Democracy -- Chapter 5 ? What are ?rights? and where do they come from? -- Chapter 6 ? What a bill of rights should contain -- Chapter 7 ? Holding the government to account -- Chapter 8 ? Federalism and the efficiency deficit -- Chapter 9 ? Indigenous people and the constitution -- Chapter 10 ? An Australian republic -- Chapter 11 ? Access to constitutional justice -- Chapter 12 ? Reform strategies and civics education -- Appendix ? A draft new constitution -- Index. 330 $aThe central argument of this book explores the disillusionment that Australians feel with regard to the way politics is conducted. The book explores causes of that disillusionment, and argues that because these are ultimately traceable to defects in the constitution, it is only through constitutional reform that government can be improved. This book argues that the current approach to constitutional debate suffers from the flaw of being anti-theoretical, in the sense that it is not grounded in any set of values, and is afflicted by a tendency to consider practical objections to reform before considering the moral case for it. This book argues that instead of accepting the constitution as it is, it is time we began to discuss how it ought to be, taking human dignity as the fundamental value upon which a constitution should be based. It then puts the case for change in a number of areas, including reform of the electoral system, enhanced parliamentary scrutinyof the executive, the inclusion in the constitution of a full bill of rights, the abolition of the federal system, realisation of the rights of Indigenous people, codification of constitutional conventions either in conjunction with or separately from an Australian republic, reform of the rules of standing in constitutional matters and, finally, the need to improve civics education. This book is designed to be provocative in the way that it directly challenges current academic orthodoxy. This book also outlines a proposed draft new constitution. This book will be of interest to anyone who is concerned about how Australia is governed and why it has been so difficult to achieve constitutional reform. 606 $aElections 606 $aCivil procedure 606 $aPolitical science 606 $aElectoral Politics 606 $aCivil Procedure Law 606 $aPolitical Science 606 $aGovernance and Government 615 0$aElections. 615 0$aCivil procedure. 615 0$aPolitical science. 615 14$aElectoral Politics. 615 24$aCivil Procedure Law. 615 24$aPolitical Science. 615 24$aGovernance and Government. 676 $a342.94 700 $aHarris$b Bede$0909266 801 0$bMiAaPQ 801 1$bMiAaPQ 801 2$bMiAaPQ 906 $aBOOK 912 $a9910392748603321 996 $aConstitutional reform as a remedy for political disenchantment in Australia$92034065 997 $aUNINA